=LDR 00000nam 2200000 4500 =001 INLIS000000000011230 =005 20130612102820 =008 ***********************************Ind** =035 ##$$0010-061300000011230 =041 ##$$a Ind =082 ##$$a 372.7 =090 ##$$a 372.7, Mat m =245 ##$$a Matematika mencangkup berhitung (tematung), pendidikan Dasar kurikulum SD 1994 2c untuk Siswa SD kelas 2 cawu 3 =260 ##$$a 1994 $b Semarang =300 ##$$a VII-95 hlm, ilus, 21 cm =850 ##$$a NBPNMAT